Los Maestros pensadores: antología /

Esta obrita contiene pequeñas biográfias y selecciones de la obra de Justo Sierra, José Vasconcelos, y Alfonso Reyes.

Salvato in:
Dettagli Bibliografici
Natura: Libro
Lingua:spagnolo
Serie:(Historia de la Literatura Mexicana ; 10)
Soggetti:
Tags: Aggiungi Tag
Nessun Tag, puoi essere il primo ad aggiungerne!!

MARC

LEADER 00000nam^a2200000^a^4500
001 000039961
005 20250521000000.0
009 20260310085600.824
037 |a Acervo ITESO - Biblioteca 
041 |a ESP 
082 |a 864.  |b MAE 
245 1 4 |a Los Maestros pensadores: antología / 
264 |a México :  |b Secretaría de Educación Pública :  |b Somos,  |c 1982 
300 |a 127 p. 
336 |a texto  |b txt  |2 rdacontenido 
337 |a sin mediación  |b n  |2 rdamedio 
338 |a volumen  |b nc  |2 rdasoporte 
440 1 |a (Historia de la Literatura Mexicana ;  |v 10) 
520 |a Esta obrita contiene pequeñas biográfias y selecciones de la obra de Justo Sierra, José Vasconcelos, y Alfonso Reyes. 
649 |a XX 
650 |a Filosofía -  |z México 
650 |a Filósofos Mexicanos 
650 |a Literatura Mexicana 
910 |a Fondo General 
920 |a Impresos - Libros 
930 |a Colección General 
940 |a Literatura 
905 |a 101 
901 |a 0399610100  |b IT1  |c LIT  |i 039961  |u 20250521 
902 |a https://opac.biblio.iteso.mx/vufind/Record/000039961